Vzájomné porovnanie environmentálnych manažérskych systémov a ich potenciálne prínosy

Formalizované environmentálne manažérske systémy (EMS) sa celosvetovo zavádzajú podľa noriem radu ISO 14000 alebo podľa nariadenia EHK o EMAS. Environmentálne manažérstvo v podmienkach SR. Implementácia a komparácia systémov environmentálneho manažérstva. Implementácia EMAS v organizáciách so zavede...

Full description

Saved in:
Bibliographic Details
Main Author: Čorba, Juraj, ml
Other Authors: Lešková, Ľubica, 1988-
Format: Book Chapter
Language:Slovak
Subjects:
Tags: Add Tag
No Tags, Be the first to tag this record!

MARC

LEADER 00000nla a2200000 4500
001 0181692
005 20240610092835.9
041 0 |a slo 
044 |a SK 
245 1 0 |a Vzájomné porovnanie environmentálnych manažérskych systémov a ich potenciálne prínosy  |c Juraj Čorba, Ľubica Lešková 
520 |a Formalizované environmentálne manažérske systémy (EMS) sa celosvetovo zavádzajú podľa noriem radu ISO 14000 alebo podľa nariadenia EHK o EMAS. Environmentálne manažérstvo v podmienkach SR. Implementácia a komparácia systémov environmentálneho manažérstva. Implementácia EMAS v organizáciách so zavedeným EMS podľa ISO 14001. Prínosy zo zavedenia EMS v organizáciách. 
610 2 0 |a systémy environmentálne manažérske 
610 2 0 |a ochrana prostredia životného 
610 2 0 |a manažment environmentálny 
610 2 0 |a predpisy právne 
610 2 0 |a normy medzinárodné 
610 2 0 |a Slovensko 
100 1 |a Čorba, Juraj, ml. 
700 1 |a Lešková, Ľubica, 1988-